Capitais do Mundo - Statistics

Estatísticas Gerais
  • Esse quiz foi jogado 118 vezes
  • A pontuação média é 118 de 199
Respostas no mapa
Respostas codificadas por cores de uma escala verde-vermelha no mapa do quiz de acordo com a % correta abaixo.
 
Estatísticas das Respostas
Resposta % Correto
Brasília
98%
Washington D.C.
96%
Caracas
93%
Ottawa
93%
Bogotá
91%
Cidade do México
91%
Montevidéu
91%
Assunção
89%
Buenos Aires
89%
Lisboa
89%
Moscovo
89%
Quito
89%
Roma
89%
Camberra
87%
Lima
87%
Paris
87%
Santiago
87%
La Paz
85%
Madrid
85%
Havana
83%
Londres
83%
Tóquio
83%
Berlim
80%
Cairo
80%
Cidade do Panamá
80%
Kiev
78%
Luxemburgo
78%
Pequim
78%
Seul
78%
Atenas
76%
Bruxelas
76%
Dublin
76%
Oslo
76%
Amesterdão
74%
Estocolmo
74%
Georgetown
74%
Kingston
74%
Kingstown
74%
Mônaco
74%
Nova Deli
74%
Paramaribo
74%
San José
74%
Vaticano
74%
Andorra-a-Velha
72%
Berna
72%
Budapeste
72%
Cidade da Guatemala
72%
Jerusalém
72%
San Salvador
72%
Santo Domingo
72%
Varsóvia
72%
Ancara
70%
Copenhaga
70%
Riade
70%
San Marino
70%
Sucre
70%
Viena
70%
Wellington
70%
Zagreb
70%
Abu Dhabi
67%
Bucareste
67%
Helsínquia
67%
Manágua
67%
Pyongyang
67%
Jakarta
65%
Luanda
65%
Nassau
65%
Praga
65%
Pretória
65%
Sofia
65%
Cabul
63%
Damasco
63%
Doha
63%
Minsk
63%
Porto Príncipe
63%
Daca
61%
Manila
61%
Praia
61%
Rabat
61%
SãoTomé
61%
Tegucigalpa
61%
Tirana
61%
Argel
59%
Bratislava
59%
Hanói
59%
Islamabad
59%
Kuala Lumpur
59%
Reykjavík
59%
Sarajevo
59%
Tallinn
59%
Bagdá
57%
Beirute
57%
Belgrado
57%
Belmopan
57%
Chișinău
57%
CidadedoCabo
57%
Liubliana
57%
Port-of-Spain
57%
Pristina
57%
Riga
57%
Saná
57%
Singapura
57%
Abuja
54%
Dakar
54%
Kuweit
54%
Nairóbi
54%
Tunes
54%
Valeta
54%
Victoria
54%
Vilnius
54%
Yaoundé
54%
Brazzaville
52%
Escópia
52%
Juba
52%
Kampala
52%
Maputo
52%
Nursultan
52%
PortLouis
52%
Porto-Novo|Cotonou
52%
Teerã
52%
Vaduz
52%
Accra
50%
Amã
50%
Antananarivo
50%
Cartum
50%
Castries
50%
Díli
50%
Freetown
50%
Gaborone
50%
Harare
50%
Libreville
50%
Lomé
50%
Malabo
50%
Mascate
50%
Podgorica
50%
Saint John's
50%
Trípoli
50%
Ulaanbaatar
50%
Vientiane
50%
AdisAbeba
48%
Baku
48%
Bangui
48%
Banjul
48%
Basseterre
48%
Bissau
48%
Dodoma
48%
Malé
48%
Saint George's
48%
Suva
48%
Taipé
48%
Apia
46%
Bamako
46%
Banguecoque
46%
Bridgetown
46%
Erevan
46%
Kotte
46%
Lusaka
46%
Mogadíscio
46%
Monróvia
46%
Niamey
46%
Ouagadougou
46%
Port Moresby
46%
Roseau
46%
Tbilisi
46%
Thimbu
46%
Asgabate
43%
Djibouti
43%
Kigali
43%
Manama
43%
Mbabane
43%
N'Djamena
43%
Nicosia
43%
Phnom Penh
43%
Port Vila
43%
Tashkent
43%
Windhoek
43%
Yamoussoukro
43%
Asmara
41%
Bisqueque
41%
Conacri
41%
Kinshasa
41%
Moroni
41%
Naypyidaw
41%
Nouakchott
41%
Palikir
41%
Tarawa
41%
Yaren
41%
Bandar Seri Begawan
39%
Catmandu
39%
Gitega
39%
Honiara
39%
Maseru
39%
Duchambé
37%
Lilongwe
37%
Majuro
37%
Nukuʻalofa
37%
Funafuti
35%
Ngerulmud
35%
Bloemfontein
30%
Nenhum quiz correspondente encontrado
Distribuição das Pontuações
Porcentagem de Pessoas com Cada Pontuação
Percentil de Números Respondidos
Sua Pontuação Histórica
Você não jogou esse quiz